Leyendas de siempre : (Registro nro. 30756)
[ vista simple ]
| 000 -LEADER | |
|---|---|
| fixed length control field | 01428nam a22002777a 4500 |
| 003 - CONTROL NUMBER IDENTIFIER | |
| control field | OSt |
| 005 - DATE AND TIME OF LATEST TRANSACTION | |
| control field | 20240529093823.0 |
| 008 - FIXED-LENGTH DATA ELEMENTS--GENERAL INFORMATION | |
| fixed length control field | 240529t19971996ck a|||br|||| 001 j spa d |
| 020 ## - INTERNATIONAL STANDARD BOOK NUMBER | |
| International Standard Book Number | 7706466330011 |
| 040 ## - CATALOGING SOURCE | |
| Original cataloging agency | CO-JMCR |
| Language of cataloging | spa |
| Transcribing agency | CO-JMCR |
| Modifying agency | CO-JMCR |
| Description conventions | rda |
| 041 ## - LANGUAGE CODE | |
| Language code of text/sound track or separate title | spa |
| 082 0# - DEWEY DECIMAL CLASSIFICATION NUMBER | |
| Classification number | LM |
| Item number | OCAL |
| 100 1# - MAIN ENTRY--PERSONAL NAME | |
| Personal name | Ocampo López , Javier |
| Dates associated with a name | 1939 - |
| Relator term | autor |
| 9 (RLIN) | 43674 |
| 245 10 - TITLE STATEMENT | |
| Title | Leyendas de siempre : |
| Remainder of title | Colombianas / |
| Statement of responsibility, etc. | Javier Ocampo López. |
| 250 ## - EDITION STATEMENT | |
| Edition statement | Primera edición |
| 260 ## - PUBLICATION, DISTRIBUTION, ETC. | |
| Place of publication, distribution, etc. | Bogotá : |
| Name of publisher, distributor, etc. | Plaza & Jánes |
| Date of publication, distribution, etc. | 1997 |
| -- | ©1996 |
| 300 ## - PHYSICAL DESCRIPTION | |
| Extent | 146 páginas : |
| Other physical details | Ilustraciones a color ; |
| Dimensions | 36 cm |
| 501 ## - WITH NOTE | |
| With note | Con: Rreferencias |
| 505 0# - FORMATTED CONTENTS NOTE | |
| Formatted contents note | [Las leyendas Cundiboyacenses: El espeluco de las aguas ; La Campana del diablo ; Los niños llorones de Chingaza ; La piedra de Fú ; La leyenda de El Dorado ; Zoratama ; Hunzahúa y su hermana Noncetá ; Goranchacha hijo del sol y profeta Chibcha ; Pacachique y la bella Azay -- Las leyendas santandereanas -- Las leyendas populares de Antioquia grande -- Las leyendas del Tolima y Huila -- Las leyendas populares del cauca Grande -- Las leyendas populares Costeñas -- Las leyendas del oriente Colombiano.] |
| 650 14 - SUBJECT ADDED ENTRY--TOPICAL TERM | |
| Source of heading or term | JMCR |
| Topical term or geographic name entry element | Leyendas infantiles |
| Geographic subdivision | Colombia |
| 9 (RLIN) | 43675 |
| 650 24 - SUBJECT ADDED ENTRY--TOPICAL TERM | |
| Source of heading or term | JMCR |
| Topical term or geographic name entry element | Mitología infantil |
| Geographic subdivision | Colombia |
| 9 (RLIN) | 43676 |
| 650 34 - SUBJECT ADDED ENTRY--TOPICAL TERM | |
| Source of heading or term | JMCR |
| Topical term or geographic name entry element | Literatura infantil |
| Geographic subdivision | Colombia |
| 9 (RLIN) | 43677 |
| 651 1# - SUBJECT ADDED ENTRY--GEOGRAPHIC NAME | |
| Source of heading or term | JMCR |
| Geographic name | Colombia |
| 700 ## - ADDED ENTRY--PERSONAL NAME | |
| Personal name | Casas Ochoa, Jorge Alberto |
| Relator term | Ilustrador |
| 9 (RLIN) | 43678 |
| 942 ## - ADDED ENTRY ELEMENTS (KOHA) | |
| Source of classification or shelving scheme | Dewey Decimal Classification |
| Koha item type | Books |
| Withdrawn status | Lost status | Source of classification or shelving scheme | Damaged status | Not for loan | Home library | Current library | Shelving location | Date acquired | Source of acquisition | Total Checkouts | Full call number | Barcode | Date last seen | Date last checked out | Copy number | Price effective from | Koha item type |
|---|---|---|---|---|---|---|---|---|---|---|---|---|---|---|---|---|---|
| Dewey Decimal Classification | Biblioteca Pública José María del Castillo y Rada | Biblioteca Pública José María del Castillo y Rada | Children's Area | 01/06/2023 | Donación | 7 | LM OCAL | 201812051 | 06/19/2025 | 06/18/2025 | Ej.1 | 05/29/2024 | Books |